| 000 | 00372nam a22001457a 4500 | ||
|---|---|---|---|
| 005 | 20250307150649.0 | ||
| 008 | 250307b |||||||| |||| 00| 0 eng d | ||
| 041 | _aEng. | ||
| 082 | _21st ed. | ||
| 100 | _aDhumal, K. N. & Others | ||
| 245 | _aHandbook of Fruit Processing and Flower Arrangement Sem- II F.Y.B.Sc. | ||
| 250 | _a1st ed. | ||
| 300 | _aR.1 | ||
| 942 | _cBK | ||
| 999 |
_c365394 _d365394 |
||